00247nam a2200097 45000820015000001000044000152450040000592600021000999420012001209990017001320 a372.19 UNI1 aEducation coordination committee UNICEF10aWorkshop on curriculum and syllabus aLokichokioc1993 2ddccBK c64403d64377